000 00767nam a22001815i 4500
001 166416
003 ES-MaACL
005 20260316165935.0
008 050915s1895 fr | |||||||| ||fre d
100 1 _aTolstói, Lev,
_d1828-1910
_9110489
245 1 0 _aPlaisirs cruels
_b: contenant la profession de foi de l'auteur /
_cLéon Tolstoi ; traduit du russe par E. Halpérine-Kaminsky ; préface par Charles Richet.
260 _aParis :
_bBibliothèque-Charpentier,
_c1895 (
_eSceaux :
_fImp. Charaire et Cie)
300 _aVII, 282 p. ;
_c18 cm.
700 1 _aGal'perin-Kaminskij, Il'â Danilovic,
_d1858-1936
_9127773
700 1 _aRichet, Charles (
_d1850-1935)
_996954
852 _aES-MaACL
_jF-9549
_z- Enc. hol. conservando cub. original
999 _c166416
_d166416